Hearing sounds
| Main Author: | |
|---|---|
| Format: | Book |
| Published: |
London :
Watts Books ,
1994
|
| Series: | Science for fun
|
| Subjects: |
MARC
| LEADER | 00000cam a2200000 7i4500 | ||
|---|---|---|---|
| 001 | 0000007602 | ||
| 002 | 000008165 | ||
| 005 | 20000330.0 | ||
| 020 | |a 0749617152 | ||
| 090 | 0 | 0 | |a J 500 |b GIB |
| 100 | 1 | |a Gibson, Gary | |
| 245 | 1 | 0 | |a Hearing sounds |c Gary Gibson |
| 260 | |a London : |b Watts Books , |c 1994 | ||
| 300 | |a 32p. : |b ill ; |c 25cm. | ||
| 490 | 0 | |a Science for fun | |
| 650 | 0 | 0 | |a Sound |x Experiments |x Juvenile literature |
| 999 | |a 052527 |b BUKU |c PINJAMAN |e PERPUSTAKAAN KOMUNITI PETALING JAYA | ||